000 00429nam a2200181Ia 4500
001 17011
005 20260306170353.0
008 260306t2007||||xx |||||||||||||| ||und||
041 _aESP
082 _a657.42
_bH76 2007
100 _aHorngren, Charles T.
_eAUT
245 0 _aContabilidad de costos:
_bun enfoque gerencial
260 _c2007
300 _a
_c
650 _aGEN
654 _aCCO
942 _cLIB
_dJUS
_fJUS
_2ddc
_n
999 _c17011
_d17011